Płyty O.S.T.R. - Statystyki

Ogólne statystyki
  • Ten quiz został rozwiązany 154 razy
  • Średni wynik to 11 z 23
Statystyki odpowiedzi
Rok Płyta % Poprawnych
2016 O.S.T.R. - Życie Po Śmierci
84%
2002 O.S.T.R. - Tabasko
75%
2019 O.S.T.R. - Instrukcja Obsługi Świrów
71%
2006 O.S.T.R. - 7
67%
2003 O.S.T.R. - Jazz w wolnych chwilach
65%
2007 O.S.T.R. - Hollyłódź
63%
2001 O.S.T.R. - Masz To Jak w Banku
63%
2004 O.S.T.R. - Jazzurekcja
60%
2015 O.S.T.R. - Podróż Zwana Życiem
59%
2011 O.S.T.R. - Jazz, Dwa, Trzy
56%
2018 O.S.T.R. - W Drodze Po Szczęście
56%
2008 O.S.T.R. - Ja tu tylko sprzątam
55%
2010 O.S.T.R. - Tylko Dla Dorosłych
55%
2013 O.S.T.R., Hades - HAOS
54%
2009 O.S.T.R. - O.C.B.
50%
2014 O.S.T.R., Marco Polo - Kartagina
42%
2002 O.S.T.R. - 30 Minut z życia
41%
2010 POE - Złodzieje Zapalniczek
29%
2017 O.S.T.R. - Życie Po Śmierci: Autentycznie (MTV Unplugged)
28%
2012 Tabasko - Ostatnia Szansa Tego Rapu
24%
2015 Growbox - Growbox
20%
2005 POE - Szum Rodzi Hałas
20%
2009 O.S.T.R. - Jazzurekcja: Addendum
13%
Nie znaleziono quizów pasujących do podanych kryteriów
Rozkład punktacji
Procent ludzi z każdym wynikiem
Percentyl według liczby udzielonych odpowiedzi
Twoja historia wyników
Nie rozwiązałeś tego quizu